[Event "septembre 2013 black"]
[Site "http://www.queenalice.com/game.php?id=1213335"]
[Date "2013.8.31"]
[Round "-"]
[White "mysticchess"]
[Black "micbodu75"]
[Result "0-1"]
[WhiteElo "1790"]
[BlackElo "1783"]

1. e4 c6 2. d3 d5 3. Nd2 e5 4. c3 Nf6 5. Qc2 b5 6. h3 a5 7. Ngf3 Bd6 8. Be2 Qb6
9. Nb3 a4 10. Be3 c5 11. Nbd2 d4 12. Bg5 a3 13. O-O Nc6 14. bxa3 Rxa3 15. Nb1
Ra5 16. Bd2 O-O 17. c4 b4 18. Qb2 Qb7 19. Be1 Nh5 20. Nh2 Nf4 21. Bf3 f6 22. Nd2
Qa7 23. Nb3 Ra3 24. Bd2 Qf7 25. Qc2 h5 26. Bc1 Ra6 27. a3 Qg6 28. Bxf4 exf4 29.
Kh1 Ne5 30. Rg1 f5 31. Qe2 Nxf3 32. Qxf3 Qf7 33. Rge1 Bb7 34. a4 g5 35. g4 fxe4
36. dxe4 Qxc4 37. gxh5 Bc8 38. h6 Be5 39. Qh5 Bf6 40. Qg6+ Kh8 41. e5 Rg8 42.
Qh5 Be7 43. Nd2 Qd5+ 44. f3 Kh7 45. Ng4 Bf5 46. Ne4 Bxg4 47. hxg4 Rxh6 48. Qxh6+
Kxh6 49. a5 b3 50. Re2 Rb8 51. a6 b2 52. Rb1 Qa2 53. Nd2 Qxa6 54. Rh2+ Kg7 55.
Kg1 Rh8 56. Rf2 Qa2 57. Re1 d3 58. Nb1 c4 59. Rd1 Rd8 60. Nc3 Qa1 61. Rff1 Qa7+
62. Kg2 Bb4 63. Nb5 Qb6 64. Nd6 Bxd6 65. exd6 Rxd6 66. Rfe1 Re6 67. Rf1 Re2+ 68.
Kh1 Qe3 69. Rb1 c3 0-1

[Event "SEPT 2013"]
[Site "http://www.queenalice.com/game.php?id=1215630"]
[Date "2013.9.9"]
[Round "-"]
[White "adelio"]
[Black "micbodu75"]
[Result "1-0"]
[WhiteElo "1725"]
[BlackElo "1719"]

1. b4 c6 2. c4 d5 3. Bb2 dxc4 4. Nc3 a5 5. a3 Qb6 6. Na4 Qc7 7. Nf3 axb4 8. axb4
e6 9. e4 Bxb4 10. Bxg7 Nf6 11. Bxf6 O-O 12. Ne5 Bxd2+ 13. Qxd2 Qa5 14. Nxc4
Qxd2+ 15. Nxd2 Ra6 16. Bxa6 bxa6 17. Nc5 e5 18. Ra3 h5 19. h3 Kh7 20. Rg3 Rg8
21. Nf3 Rxg3 22. fxg3 Kg6 23. Bxe5 f6 24. Nh4+ Kg5 25. Bf4# 1-0

[Event "Challenge"]
[Site "http://www.queenalice.com/game.php?id=1218106"]
[Date "2013.9.19"]
[Round "-"]
[White "eduardocosta"]
[Black "micbodu75"]
[Result "0-1"]
[WhiteElo "1729"]
[BlackElo "1703"]

1. e3 d5 2. Be2 e5 3. Nf3 e4 4. Nd4 c5 5. Nb3 Nf6 6. d3 b6 7. dxe4 Nxe4 8. Bf3
Bb7 9. Bxe4 dxe4 10. Qxd8+ Kxd8 11. Nc3 Bc6 12. Nd2 Be7 13. O-O f5 14. a4 a5 15.
Nc4 Nd7 16. Ne2 Bd5 17. Nd2 Ne5 18. Nf4 Bf7 19. b3 g5 20. Ne2 Bf6 21. Rb1 h5 22.
Ng3 Be6 23. Bb2 h4 24. Ne2 g4 25. Nf4 Bf7 26. Ne2 Kc7 27. Nc4 Rhe8 28. Nc3 h3
29. Nb5+ Kc6 30. Rfd1 Nxc4 31. bxc4 Re6 32. g3 Be8 33. Rd2 Rd8 34. Rxd8 Bxd8 35.
Rd1 Bc7 36. Na7+ Kb7 37. Nb5 Bxb5 38. cxb5 Rd6 39. Rxd6 Bxd6 40. Kf1 Kc7 41. Ke2
c4 42. Kd2 Bb4+ 43. Bc3 Kd6 44. Bxb4+ axb4 45. Kc1 c3 46. Kb1 Kc5 47. Ka1 Kc4
48. Ka2 b3+ 49. cxb3+ Kd3 50. b4 c2 51. Kb2 Kd2 52. a5 c1=Q+ 53. Kb3 Qc2+ 54.
Ka3 Kc3 55. a6 Qb3# 0-1

[Event "Challenge"]
[Site "http://www.queenalice.com/game.php?id=1225438"]
[Date "2013.10.17"]
[Round "-"]
[White "Jerzy"]
[Black "micbodu75"]
[Result "1-0"]
[WhiteElo "1741"]
[BlackElo "1738"]

1. d4 Nf6 2. Nf3 e6 3. c4 Bb4+ 4. Bd2 c5 5. Bxb4 cxb4 6. e3 Nc6 7. Bd3 b6 8. O-O
a5 9. Nbd2 Bb7 10. Ne4 d5 11. Nxf6+ Qxf6 12. cxd5 exd5 13. Rc1 O-O 14. Qb3 Ne7
15. Rc7 Bc6 16. Rc1 Rac8 17. Rxc8 Rxc8 18. Ne5 Qd6 19. Qd1 f6 20. Bxh7+ Kxh7 21.
Qh5+ Kg8 22. Qf7+ Kh8 23. Qxe7 Qd8 24. Nf7+ Kh7 25. Nxd8 Bd7 26. Rxc8 Bxc8 27.
Ne6 Bxe6 28. Qxe6 b5 29. Qxd5 a4 30. Qxb5 g5 31. d5 b3 32. axb3 1-0

[Event "Challenge"]
[Site "http://www.queenalice.com/game.php?id=1229329"]
[Date "2013.11.2"]
[Round "-"]
[White "eduardocosta"]
[Black "micbodu75"]
[Result "0-1"]
[WhiteElo "1768"]
[BlackElo "1720"]

1. e3 d5 2. Be2 Nf6 3. b3 Nc6 4. Bb2 e5 5. Bb5 a6 6. Bxc6+ bxc6 7. Bxe5 Bc5 8.
Nf3 O-O 9. Bc3 Re8 10. Nd4 Qd6 11. a3 Ng4 12. h3 Ne5 13. b4 Bxd4 14. Bxd4 Nc4
15. d3 Nb2 16. Bxb2 c5 17. bxc5 Qxc5 18. Qd2 Qb6 19. Bd4 Qxd4 20. c3 Qb6 21. Qc2
Bd7 22. Nd2 Rab8 23. O-O Qg6 24. Kh2 Qd6+ 25. Kh1 c6 26. Nf3 Qh6 27. Qa4 Rb6 28.
Qd4 Rb7 29. Ne5 Re7 30. Nxd7 Rexd7 31. c4 Qe6 32. cxd5 Rxd5 33. Qc4 Rbb5 34.
Rac1 c5 35. Kg1 h6 36. a4 Rb4 37. Qc2 Qc6 38. d4 c4 39. Ra1 Rg5 40. f3 c3 41.
Rfc1 Rb2 42. Qxc3 Rbxg2+ 43. Kf1 Qxf3+ 44. Ke1 Qe2# 0-1

[Event "revanche ?"]
[Site "http://www.queenalice.com/game.php?id=1238876"]
[Date "2013.12.9"]
[Round "-"]
[White "micbodu75"]
[Black "Jerzy"]
[Result "0-1"]
[WhiteElo "1816"]
[BlackElo "1899"]

1. d4 d5 2. Bf4 Nf6 3. c4 e6 4. Nc3 c6 5. c5 Nbd7 6. Nf3 Be7 7. Ne5 Nxe5 8. Bxe5
O-O 9. e3 Nd7 10. Bd3 h6 11. Bxg7 Kxg7 12. Qg4+ Bg5 13. h4 f5 14. Qg3 Rh8 15. f4
Nf8 16. O-O-O Ng6 17. fxg5 hxg5 18. h5 Nf8 19. Rh3 Rh6 20. Ne2 Kf7 21. Qf2 g4
22. Rhh1 Qg5 23. Qf4 Nh7 24. Rdf1 Qxf4 25. Nxf4 Nf6 26. Re1 Bd7 27. b4 Rah8 28.
g3 Nxh5 29. Ne2 Nf6 30. Rhg1 Ne4 31. Ref1 Rh2 32. a3 Ng5 33. Nc3 Nf3 34. Rh1
Rxh1 35. Rxh1 Rxh1+ 36. Kb2 e5 37. Ne2 exd4 38. exd4 Rh2 39. Kb3 Rxe2 40. Bxe2
Nxd4+ 0-1

[Event "Challenge"]
[Site "http://www.queenalice.com/game.php?id=1239402"]
[Date "2013.12.11"]
[Round "-"]
[White "Atalxxi1"]
[Black "micbodu75"]
[Result "0-1"]
[WhiteElo "1537"]
[BlackElo "1777"]

1. e4 c5 2. e5 d6 3. exd6 exd6 4. Bb5+ Bd7 5. Qe2+ Qe7 6. Qxe7+ Nxe7 7. Bxd7+
Nxd7 8. d3 Nf5 9. c3 Be7 10. Nf3 O-O 11. O-O Ne5 12. Nbd2 Nxd3 13. g3 h5 14. Nc4
b5 15. Na5 d5 16. Bd2 h4 17. Nc6 Bf6 18. Rae1 Nxe1 19. Rxe1 Rfe8 0-1

[Event "Challenge"]
[Site "http://www.queenalice.com/game.php?id=1248246"]
[Date "2014.1.15"]
[Round "-"]
[White "santanacampos"]
[Black "micbodu75"]
[Result "0-1"]
[WhiteElo "1726"]
[BlackElo "1825"]

1. e4 Nc6 2. Bc4 e6 3. d4 Qh4 4. Nc3 Bb4 5. Qd2 Nf6 6. Nf3 Qh5 7. e5 Nd5 8. Bxd5
exd5 9. O-O h6 10. Qd3 Ne7 11. Nxd5 Nxd5 12. Qc4 c6 13. Re1 Bxe1 14. Nxe1 d6 15.
exd6 Be6 16. Bd2 Qg6 17. Nf3 Ne3 18. d7+ Kd8 19. Nh4 Qg4 20. Ba5+ Kxd7 21. h3
Qxh4 22. Qe2 Nxg2 23. Kxg2 Bxh3+ 24. Kg1 Qg5+ 0-1

[Event "Challenge"]
[Site "http://www.queenalice.com/game.php?id=1248247"]
[Date "2014.1.15"]
[Round "-"]
[White "santanacampos"]
[Black "micbodu75"]
[Result "1-0"]
[WhiteElo "1707"]
[BlackElo "1837"]

1. e4 d6 2. Bc4 e6 3. d4 d5 4. exd5 exd5 5. Qe2+ Be7 6. Bb3 Nc6 7. Nf3 Nf6 8.
O-O Ne4 9. Qb5 a6 10. Qxd5 Qxd5 11. Bxd5 Nf6 12. Bxc6+ bxc6 13. Re1 Be6 14. Bg5
O-O-O 15. Ne5 Kb7 16. Nc3 Rxd4 17. Nxf7 Bxf7 18. Rxe7 Rf8 19. Ne2 Rg4 20. Bxf6
gxf6 21. b3 Bg6 22. Rd1 Re8 23. Rxe8 Bxe8 24. h3 Re4 25. Ng3 Re5 26. c4 c5 27.
Rd8 h5 28. f4 Re1+ 29. Kf2 Rc1 30. Rxe8 Rc2+ 31. Re2 Rxe2+ 32. Nxe2 Kb6 33. Kg3
Ka5 34. Kh4 Kb4 35. Kxh5 a5 36. h4 Ka3 37. Nc3 Kb2 38. Na4+ Kxa2 39. Nxc5 Ka3
40. Kg6 Kb4 41. Na6+ Kxb3 42. h5 a4 43. Nc5+ Kb4 44. Nxa4 Kxa4 45. h6 c5 46. h7
Kb4 47. h8=Q Kxc4 48. Qxf6 1-0

[Event "Challenge"]
[Site "http://www.queenalice.com/game.php?id=1248823"]
[Date "2014.1.16"]
[Round "-"]
[White "micbodu75"]
[Black "Hagel"]
[Result "0-1"]
[WhiteElo "1835"]
[BlackElo "2067"]

1. e4 e6 2. Nf3 d5 3. exd5 exd5 4. d4 Bg4 5. Be2 Bd6 6. Ne5 Bxe5 7. dxe5 Bxe2 8.
Qxe2 c6 9. b3 Qe7 10. Bb2 Nd7 11. Nd2 O-O-O 12. c4 Qg5 13. Nf3 Qh6 14. O-O Ne7
15. Bd4 Nb6 16. a4 Nf5 17. Bc5 Kb8 18. Rfd1 Rhe8 19. Nd4 Nxd4 20. Bxd4 dxc4 21.
bxc4 Qe6 22. Bxb6 axb6 23. f4 f6 24. a5 bxa5 25. Rxa5 Rxd1+ 26. Qxd1 Kc7 27. c5
fxe5 28. Qd2 exf4 29. Qxf4+ Qe5 30. Qxe5+ Rxe5 31. h3 Kb8 32. Kh2 b5 33. Ra2
Rxc5 34. Re2 Rg5 35. h4 Rg6 36. Kh3 Kb7 37. h5 Rg5 38. g4 h6 39. Re6 Kb6 40. Kg3
b4 41. Kf4 Kb5 42. Re5+ Rxe5 43. Kxe5 b3 44. Kf5 b2 45. Kg6 b1=Q+ 46. Kxg7 Qc1
0-1

[Event "Challenge"]
[Site "http://www.queenalice.com/game.php?id=1253622"]
[Date "2014.2.3"]
[Round "-"]
[White "acam"]
[Black "micbodu75"]
[Result "1-0"]
[WhiteElo "2170"]
[BlackElo "1816"]

1. e4 Nc6 2. d4 e5 3. d5 Nce7 4. Nf3 Nf6 5. Bd3 c6 6. Nxe5 cxd5 7. exd5 Nexd5 8.
Bc4 Qa5+ 9. Bd2 Qc7 10. Qe2 Be7 11. Nxf7 Kxf7 12. Bxd5+ Kf8 13. Bb3 Qc6 14. O-O
d5 15. Nc3 Be6 16. Rfe1 Re8 17. Qxe6 Bd6 18. Qf5 Bb4 19. Rxe8+ Kxe8 20. Re1+ Kd8
21. Bg5 Re8 22. Bxf6+ gxf6 23. Rxe8+ Qxe8 24. Qxd5+ Kc8 25. Ne4 Qe7 26. Qe6+ Kc7
27. Qxe7+ Bxe7 28. c3 f5 29. Nd2 Bg5 30. Nf3 Bc1 31. Bg8 h6 32. b3 f4 33. g3
fxg3 34. hxg3 b5 35. Kf1 Bb2 36. c4 Kb6 37. cxb5 Ba3 38. Bc4 Ka5 39. Nh4 Kb4 40.
f4 Kc3 41. Kf2 Kb2 42. Ke3 Kxa2 43. Ke4 Bc5 44. g4 1-0

[Event "OS INCLIVEIS"]
[Site "http://www.queenalice.com/game.php?id=1253634"]
[Date "2014.2.3"]
[Round "-"]
[White "adelio"]
[Black "micbodu75"]
[Result "0-1"]
[WhiteElo "1758"]
[BlackElo "1828"]

1. b4 Nf6 2. c4 e6 3. b5 Bd6 4. Nc3 O-O 5. e4 Be5 6. d4 Bd6 7. c5 Be7 8. Be2 d5
9. e5 Ne4 10. Nxe4 dxe4 11. g3 c6 12. f3 f5 13. f4 Qd5 14. h4 cxb5 15. Bxb5 Bd7
16. a4 e3 17. Nf3 Bxb5 18. axb5 Qc4 19. Bxe3 Qxb5 20. h5 h6 21. Rb1 Qc6 22. O-O
Qe4 23. Qe2 Na6 24. Nd2 Qc6 25. g4 Nc7 26. g5 hxg5 27. fxg5 g6 28. hxg6 Kg7 29.
Rf3 Rh8 30. Qg2 Rh5 31. Nf1 Rah8 32. Bf4 Qe4 33. Rbb3 Qxd4+ 34. Rf2 Nd5 35. Rxb7
Qxc5 36. Rxe7+ Nxe7 37. Qb7 Kxg6 38. Be3 Qc6 39. Qxc6 Nxc6 40. Ng3 R5h7 41. Bf4
Rd8 42. Kg2 Rd5 43. Ne2 Nxe5 44. Bxe5 Rxe5 45. Kg3 Kxg5 46. Ng1 Re3+ 47. Kg2 Kg4
48. Kf1 f4 49. Rg2+ Rg3 50. Ne2 Rxg2 51. Kxg2 f3+ 52. Kf2 Rh2+ 53. Ke3 Rxe2+ 54.
Kd3 Kf4 55. Kc3 Re4 56. Kd3 f2 57. Kc3 f1=Q 58. Kb3 Qf3+ 59. Kc2 Re2+ 60. Kb1
Qf1# 0-1

[Event "OS INCLIVEIS"]
[Site "http://www.queenalice.com/game.php?id=1253635"]
[Date "2014.2.3"]
[Round "-"]
[White "adelio"]
[Black "micbodu75"]
[Result "0-1"]
[WhiteElo "1864"]
[BlackElo "1814"]

1. b4 e5 2. b5 d5 3. Bb2 f6 4. e3 c6 5. Be2 Ne7 6. h4 h5 7. Bxh5+ g6 8. Be2 c5
9. f4 d4 10. h5 Nd7 11. g4 Nb6 12. f5 gxf5 13. Rh3 Qd5 14. Bf3 e4 15. Be2 Rg8
16. Rh4 Qd6 17. Kf1 fxg4 18. Bxg4 f5 19. Nh3 fxg4 20. Nf4 Nbd5 21. Qe2 Nxf4 22.
exf4 Qxf4+ 23. Qf2 Qg5 24. Qg3 Nf5 25. Qe5+ Be7 26. Rh2 g3 27. Rh3 Rf8 28. Kg1
g2 29. Na3 Qg4 30. Qh2 Rg8 31. Re1 Bd6 32. Nc4 Bxh2+ 33. Rxh2 Be6 34. Ne5 Qf4
35. Ng6 Qg5 36. Rxe4 Kf7 37. Rxg2 Qxh5 38. Ne5+ Ke7 39. Ng4 Rg6 40. d3 Rh8 41.
c3 Qh1+ 42. Kf2 Nh4 43. Rxe6+ Kxe6 44. Rg3 Rf8+ 45. Ke2 Qf1+ 46. Kd2 Rf2+ 47.
Nxf2 Qxf2+ 48. Kc1 Rxg3 49. cxd4 Rg1# 0-1

[Event "Challenge"]
[Site "http://www.queenalice.com/game.php?id=1259968"]
[Date "2014.2.25"]
[Round "-"]
[White "micbodu75"]
[Black "santanacampos"]
[Result "1-0"]
[WhiteElo "1841"]
[BlackElo "1795"]

1. d4 e6 2. Nf3 c6 3. Nc3 d5 4. e3 Bb4 5. Bd2 Nf6 6. a3 Bxc3 7. Bxc3 Qb6 8. Bd3
Qc7 9. Ne5 Nbd7 10. f3 Nxe5 11. dxe5 Nd7 12. f4 O-O 13. Qf3 Nc5 14. Bxh7+ Kxh7
15. Bb4 Qe7 16. Qh5+ Kg8 17. O-O-O b6 18. Rd4 a5 19. Bd2 Ne4 20. Be1 c5 21. Rd1
c4 22. g4 f6 23. f5 exf5 24. gxf5 Qxe5 25. Rd4 Ng5 26. Bf2 Qxf5 27. h4 Qxf2 28.
hxg5 Qxe3+ 29. Rd2 Qxg5 30. Qh7+ Kf7 31. Rd1 Bf5 32. Qh2 Rac8 33. Kb1 Rh8 34.
Qd6 Be6 35. Re2 Qg4 36. Rde1 Rhe8 37. Rxe6 Rxe6 38. Qd7+ Kg6 39. Rxe6 Rh8 40.
Rxf6+ Kh5 41. Qf7+ g6 42. Qxd5+ Qg5 43. Qf3+ Kh6 44. Qf1 Kg7 45. Rxb6 Qd5 46.
Qf6+ Kg8 47. Rb8+ 1-0

[Event "Challenge"]
[Site "http://www.queenalice.com/game.php?id=1280284"]
[Date "2014.5.9"]
[Round "-"]
[White "alexferreira"]
[Black "micbodu75"]
[Result "1-0"]
[WhiteElo "1997"]
[BlackElo "1840"]

1. d4 d5 2. g3 Nf6 3. Bg2 Bf5 4. Nf3 Be4 5. O-O e6 6. Bg5 Be7 7. c3 O-O 8. Nbd2
h6 9. Bxf6 Bxf6 10. Nb3 b6 11. Nbd2 Na6 12. Nxe4 c5 13. Nxf6+ Qxf6 14. dxc5 Nxc5
15. Nd4 Rfd8 16. Qc2 e5 17. Nf3 e4 18. Nd2 Re8 19. f3 e3 20. Nb3 Rad8 21. Nd4
Ne6 22. Rad1 g6 23. f4 Nxd4 24. Rxd4 Re6 25. Rxd5 Rxd5 26. Bxd5 Re7 27. Rd1 Kg7
28. Bf3 h5 29. Rd3 h4 30. Qc1 hxg3 31. hxg3 g5 32. Rxe3 gxf4 33. Rxe7 fxg3 34.
Qe3 Qh4 35. Qd4+ Qf6 36. Qxf6+ Kxf6 37. Rxa7 Ke6 38. Rb7 1-0

[Event "Challenge"]
[Site "http://www.queenalice.com/game.php?id=1280299"]
[Date "2014.5.9"]
[Round "-"]
[White "micbodu75"]
[Black "alexferreira"]
[Result "1-0"]
[WhiteElo "1830"]
[BlackElo "2007"]

1. e4 d5 2. e5 g6 3. d4 Bg7 4. Nf3 f6 5. c4 c6 6. c5 Bg4 7. Be2 Nd7 8. Nc3 fxe5
9. Nxe5 Bxe2 10. Qxe2 Ngf6 11. f4 Nxe5 12. fxe5 Nd7 13. e6 Nf8 14. O-O Bxd4+ 15.
Be3 Nxe6 16. Bxd4 Nxd4 17. Qe5 Rf8 18. Qxd4 Kd7 19. Rxf8 Qxf8 20. Rf1 Qg8 21.
Qg4+ e6 22. b4 Rf8 23. Qg3 Rxf1+ 24. Kxf1 Qf7+ 25. Qf3 Qxf3+ 26. gxf3 Ke7 27.
Kf2 e5 28. Kg3 Kf6 29. b5 Kf5 30. a4 g5 31. b6 a6 32. Nxd5 Ke6 33. Nc7+ Kf5 34.
a5 h6 35. Nxa6 e4 36. Nb4 exf3 37. Kxf3 h5 38. a6 bxa6 39. Nxa6 Ke5 40. b7 g4+
41. Kg3 Kd5 42. b8=Q 1-0